Catalog

Record Details

Catalog Search



Malé krůčky  Cover Image Book Book

Malé krůčky / Louis Sachar ; [přeložila Hana Petráková]

Record details

  • ISBN: 978-80-242-2022-2
  • Physical Description: 219 s. ; 21 cm
  • Edition: Vyd. 1.
  • Publisher: V Praze : Knižní klub, 2008

Content descriptions

General Note:
Přeloženo z angličtiny
Target Audience Note:
Určeno pro čtenáře od 12 let
Genre: americké romány
American fiction

Available copies

  • 1 of 1 copy available at Common Catalog SPOK.

Holds

  • 0 current holds with 1 total copy.
Show Only Available Copies
Location Call Number / Copy Notes Barcode Shelving Location Status Due Date
Jabok Library BL-1/Sa 424480021939 Beletrie Available -

LDR 01086cam a2200349 a 4500
0016539
003CZ-PrJAB
00520160909083829.0
007ta
008080220s2008 xr g 000 f cze d
015 . ‡acnb001794774
020 . ‡a978-80-242-2022-2 ‡q(váz.)
035 . ‡a(CZ PrNK)nkc20081794774
035 . ‡a(OCoLC)228781710
040 . ‡aKLG001 ‡bcze ‡dBOA001 ‡dOLA001 ‡dABA001
0411 . ‡acze ‡heng
072 7. ‡a821.111(73)-3 ‡xAmerická próza ‡2Konspekt ‡925
080 . ‡a821.111(73)-31 ‡2MRF
080 . ‡a(0:82-31) ‡2MRF
1001 . ‡aSachar, Louis, ‡d1954- ‡7xx0001865 ‡4aut
24510. ‡aMalé krůčky / ‡cLouis Sachar ; [přeložila Hana Petráková]
250 . ‡aVyd. 1.
260 . ‡aV Praze : ‡bKnižní klub, ‡c2008
300 . ‡a219 s. ; ‡c21 cm
500 . ‡aPřeloženo z angličtiny
5218 . ‡aUrčeno pro čtenáře od 12 let
655 7. ‡aamerické romány ‡7fd131796 ‡2czenas
655 9. ‡aAmerican fiction ‡2eczenas
7650 . ‡tSmall steps ‡9Česky
910 . ‡aABG312
9289 . ‡aEuromedia Group - Knižní klub
901 . ‡a6539 ‡bUnknown ‡c6539 ‡tbiblio

Additional Resources